| 000 | 00997naa a22002777a 4500 | ||
|---|---|---|---|
| 001 | BR6500322 | ||
| 003 | BR-BrBNA | ||
| 005 | 20240918173300.0 | ||
| 007 | ta | ||
| 008 | 230509b bl.||||| |||| 00| 0 por d | ||
| 040 |
_aBR-BrBNA _bpor _cBiblioteca Nacional de Agricultura |
||
| 041 | _a(Pt) | ||
| 072 |
_aL02 _b1990 _b5212 |
||
| 090 | _aL02 BR6500322 | ||
| 100 | 1 | _aViana, S.P. | |
| 111 | 1 |
_a9. Congresso Internacional de Pastagens _cSao Paulo, SP (Brazil) _d7-20 Jan 1965 |
|
| 245 | 1 | _aO emprego da palma na alimentacao de bovinos | |
| 260 | 3 |
_aSao Paulo, SP (Brasil): _c1965. |
|
| 500 | _aAnais do 9. Congresso Internacional de Pastagens. V. 2 Sao Paulo, SP (Brasil): 1965. p. 1461-1464 (BR6500322-AM)L02 | ||
| 650 | _aBOVINO | ||
| 650 | _aNUTRICAO ANIMAL | ||
| 650 | _aPALMA FORRAGEIRA | ||
| 773 | 0 |
_tAnais do 9. Congresso Internacional de Pastagens. V. 2 _wL02 BR6500322 _gSao Paulo, SP (Brasil), 1965. p. 1461-1464 |
|
| 909 |
_a202404 _bLucia _c55 _dLucia Elande |
||
| 942 |
_cAM _2AGRIS |
||
| 999 |
_c303755 _d303755 |
||